Представление документа в формате MARC21

Поле Инд. ПП Название Значение
Тип записи a
Библиографический уровень m
001 Контрольный номер 252791e1-c745-48a5-b441-4670e413698b
005 Дата корректировки 20140226212923.7
008 Кодируемые данные 010209 d
020 a ISBN 5-85815-103-5
c Цена, тираж 14.40
040 a Служба первич. каталог. НБ ТвГУ
041 a Код языка текста rus
080 a Индекс УДК 51(082)
084 a Индекс другой классификации/Индекс ББК В1
090 x Авторский знак С23
a Полочн. индекс В1
245 0_ a Заглавие Сборник статей аспирантов и студентов математического факультета ВГУ
c Ответственность Воронеж. гос. ун-т; [Редкол.: С.А. Скляднев (отв. ред.) и др.]
260 0_ a Место издания Воронеж
b Издательство Изд-во Воронеж. ун-та
c Дата издания 1999
300 a Объем 176 с.
b Иллюстрации/ тип воспроизводства ил.
504 a Библиография Библиогр. в конце ст.
583 a Действие Получение впервые 12 26.01.2000
k Исполнитель действия Обмен
650 a Основная рубрика Математика
650 a Основная рубрика Воронежский государственный университет
x Основная подрубрика Математический факультет
653 a Ключевые слова Математика
a Ключевые слова Воронежский университет
a Ключевые слова Математический факультет ВГУ
a Ключевые слова ВГУ
a Ключевые слова Сборники
700 1_ a Другие авторы Скляднев С.А.
e Роль лиц отв. ред.
852 t Порядковый номер экземпляра 1
p Инвентарный номер 719190
863 t 00030197
888 a Бесплатные
930 a Новая/Ретро сборники
952 p 12.2000 14.40 1 719190
c Вид литературы К рн
954 a Дата поступления на обработку 20000203
999 a Подразделение 2 Фил3